| 000 | 00545nam a2200169 i 4500 | ||
|---|---|---|---|
| 001 | 59255 | ||
| 003 | ES-MaACL | ||
| 005 | 20230906164010.0 | ||
| 007 | t| | ||
| 008 | 031028s1981 sp ||||1| spa d | ||
| 100 | 1 |
_aEigenmann, Joseph. _946826 |
|
| 245 | 1 | 3 |
_aEl desarrollo secuencial del curriculum / _cJoseph Eigenmann ; [traducción de Ricardo Sánchez Ortiz de Urbina]. |
| 260 |
_a[Madrid] : _bAnaya, _c[1981] |
||
| 300 |
_a186 p. ; _c21 cm. |
||
| 700 | 1 |
_aSánchez Ortiz de Urbina, Ricardo. _9102822 |
|
| 852 |
_aES-MaACL _jL-1850 _bR.102495 |
||
| 999 |
_c59255 _d59255 |
||